Fast Typing the QWERTY Keyboard - Statistics

General Stats
  • This quiz has been taken 348 times
  • The average score is 23 of 26
Answer Stats
Letter % Correct
Q
100%
W
99%
E
98%
R
98%
T
98%
Y
97%
U
90%
I
88%
O
88%
P
88%
A
87%
S
86%
D
85%
F
84%
G
84%
H
84%
J
83%
K
83%
L
82%
X
82%
Z
82%
C
81%
V
81%
B
79%
N
78%
M
77%
No matching quizzes found
Score Distribution
Percent of People with Each Score
Percentile by Number Answered
Your Score History
You have not taken this quiz